000 00858cam a2200193 4500
001 WS108078
008 000000n 000 0 eng u
035 _a(Sirsi) u108078
245 _aOffice of Government Commerce : Property and Construction Directorate
520 _aThis organisation provides expert support to departments, agencies and non-departmental public bodies in managing their property requirements. This site includes details of their policies and services.
650 _aGOVERNMENT
650 _aCIVIL ESTATE
650 _aProperty management
_96262
650 _aFACILITIES MANAGEMENT
_96240
650 _aBUILT ENVIRONMENT-BUILDING MAINTENANCE AND REFURBISHMENT
690 _aPROPERTY MANAGEMENT-CORPORATE REAL ESTATE
856 4 0 _uhttps://www.property.gov.uk
_zView the website free of charge at www.property.gov.uk...
942 _n0
999 _c119613
_d119613